B1G Football Champions - Statistics

General Stats
  • This quiz has been taken 39 times
    21 since last reset
  • The average score is 27 of 96
Answer Stats
Hint Answer % Correct
1950 Michigan
79%
2010 Ohio State
57%
2017 Ohio State
57%
2009 Ohio State
50%
2011 Wisconsin
50%
2012 Wisconsin
50%
1951 Illinois
43%
2003 Michigan
43%
2004 Michigan
43%
2013 Michigan State
43%
2005 Ohio State
43%
2006 Ohio State
43%
2007 Ohio State
43%
2008 Ohio State
43%
2014 Ohio State
43%
Wisconsin
43%
2000 Michigan
36%
1953 Michigan State
36%
2015 Michigan State
36%
1954 Ohio State
36%
1957 Ohio State
36%
2002 Ohio State
36%
Penn State
36%
Penn State
36%
1952 Wisconsin
36%
Illinois
29%
2001 Illinois
29%
1964 Michigan
29%
Michigan
29%
1971 Michigan
29%
Michigan
29%
Michigan
29%
Michigan
29%
Michigan
29%
Michigan
29%
1978 Michigan
29%
1980 Michigan
29%
1982 Michigan
29%
1986 Michigan
29%
1988 Michigan
29%
1989 Michigan
29%
1990 Michigan
29%
1991 Michigan
29%
1992 Michigan
29%
1997 Michigan
29%
Michigan
29%
1965 Michigan State
29%
1966 Michigan State
29%
Michigan State
29%
1987 Michigan State
29%
Michigan State
29%
1955 Ohio State
29%
1961 Ohio State
29%
1968 Ohio State
29%
1970 Ohio State
29%
1972 Ohio State
29%
1973 Ohio State
29%
1974 Ohio State
29%
1975 Ohio State
29%
1977 Ohio State
29%
1979 Ohio State
29%
1981 Ohio State
29%
1984 Ohio State
29%
Ohio State
29%
1993 Ohio State
29%
1996 Ohio State
29%
1998 Ohio State
29%
1994 Penn State
29%
2016 Penn State
29%
Purdue
29%
1963 Illinois
21%
1983 Illinois
21%
Illinois
21%
1956 Iowa
21%
Iowa
21%
Michigan
21%
1969 Ohio State
21%
1976 Ohio State
21%
1999 Wisconsin
21%
1967 Indiana
14%
Iowa
14%
Purdue
14%
Purdue
14%
1959 Wisconsin
14%
1962 Wisconsin
14%
Wisconsin
14%
1958 Iowa
7%
Iowa
7%
Iowa
7%
1985 Iowa
7%
Iowa
7%
1960 Minnesota
7%
Minnesota
7%
1995 Northwestern
7%
Northwestern
7%
Northwestern
7%
No matching quizzes found
Score Distribution
Percent of People with Each Score
Percentile by Number Answered
Your Score History
You have not taken this quiz since the last reset